<?xml version="1.0" encoding="UTF-8"?>
<collection xmlns="http://www.loc.gov/MARC21/slim">
 <record>
  <leader>00606nam a22001575a 4500</leader>
  <controlfield tag="001">EUN.um038442</controlfield>
  <controlfield tag="003">AR-BaUNS</controlfield>
  <controlfield tag="005">20050623122910.0</controlfield>
  <controlfield tag="008">041125ss.f.####ag#a##########000#0#spa#d</controlfield>
  <datafield tag="245" ind1="1" ind2="0">
   <subfield code="a">Embalse del río Sauce Grande en Paso de las Piedras :</subfield>
   <subfield code="b">reparación de la cámara de carga; /</subfield>
   <subfield code="c">Néstor A. Pietrobelli.</subfield>
  </datafield>
  <datafield tag="260" ind1=" " ind2=" ">
   <subfield code="a">Bahía Blanca :</subfield>
   <subfield code="b">Universidad Nacional del Sur,</subfield>
   <subfield code="c">s.f.</subfield>
  </datafield>
  <datafield tag="300" ind1=" " ind2=" ">
   <subfield code="a">3 v. :</subfield>
   <subfield code="b">ilus. ;</subfield>
   <subfield code="c">29,5 cm. .</subfield>
  </datafield>
  <datafield tag="490" ind1="0" ind2=" ">
   <subfield code="a">Depto.de Ingeniería. Trabajo final de carrera</subfield>
  </datafield>
  <datafield tag="100" ind1="1" ind2=" ">
   <subfield code="a">Pietrobelli, Néstor A.</subfield>
  </datafield>
  <datafield tag="082" ind1="0" ind2="4">
   <subfield code="a">627.4</subfield>
  </datafield>
  <datafield tag="859" ind1=" " ind2=" ">
   <subfield code="a">Ar-BaUNS</subfield>
   <subfield code="b">BIB. CENTRAL - Sector C</subfield>
   <subfield code="h">627.4</subfield>
   <subfield code="i">P618</subfield>
   <subfield code="p">86445/981</subfield>
   <subfield code="v">v.3</subfield>
  </datafield>
 </record>
</collection>
